Municipal system in India: citizens' involvement (Record no. 367311)

000 -LEADER
fixed length control field 00424cam a22001457a 4500
008 - FIXED-LENGTH DATA ELEMENTS--GENERAL INFORMATION
fixed length control field 180718b1993 xxu||||| |||| 00| 0 eng d
020 ## - INTERNATIONAL STANDARD BOOK NUMBER
International Standard Book Number 8170245303
082 ## - DEWEY DECIMAL CLASSIFICATION NUMBER
Classification number B73x54 M725
100 ## - MAIN ENTRY--PERSONAL NAME
Personal name Mohanty, Bijoyini
245 ## - TITLE STATEMENT
Title Municipal system in India: citizens' involvement
Statement of responsibility, etc. by Bijoyini Mohanty
260 ## - PUBLICATION, DISTRIBUTION, ETC.
Place of publication, distribution, etc. New Delhi
Name of publisher, distributor, etc. Ashish
Date of publication, distribution, etc. 1993
300 ## - PHYSICAL DESCRIPTION
Extent 245p.
650 ## - SUBJECT ADDED ENTRY--TOPICAL TERM
Topical term or geographic name entry element Local Government
650 ## - SUBJECT ADDED ENTRY--TOPICAL TERM
Topical term or geographic name entry element Municipal Government - India
Holdings
Withdrawn status Lost status Damaged status Not for loan Permanent Location Current Location Date acquired Full call number Barcode Date last seen Price effective from Koha item type
        Indian Institute of Public Administration Indian Institute of Public Administration 1994-05-12 B73x54 M725 DA6099 2018-07-21 2018-07-21 DA

Powered by Koha